000 00924cab a2200217 4500
001 ABS44519
008 090401t1991 xxu||||| |||| 00| 0 eng d
035 _a(Sirsi) u47632
041 _aeng
100 _aJenkins, H.
245 _aProperty development : restarting the cycle
260 _c1991
350 _a0
490 _aEstates Gazette
_v(9119) 18 May 1991, 76-105(2)
520 _aLooking to past property cycles for comparison, and whilst acknowledging certain identified dissimilarities, Hugh Jenkins sees the preliminary, tentative signs of recovery emerging. His analysis examines the various sectors of the property market: retail, offices and industrial, but more importantly, the sources and patterns of institutional investment.
650 _aCYCLICAL FACTORS
650 _aPROPERTY CYCLES
690 _aPROPERTY-COMMERCIAL PROPERTY-COMMERCIAL PROPERTY MARKET
942 _n0
948 _c04/03/1997
999 _c30027
_d30027